02408agaaa2200301 45000010005000000030009000050050017000140070009000310080040000400400023000800410014001031000058001171300031001752450224002062500022004302600096004523000033005485080185005815110089007665200906008555380016017615460014017776500058017917000056018497000062019057000070019677000069020370470IT-RoPAU20220918181231.0d cvaizq50131s9999||||xx ||| | || ||und|| aIT-RoPAUcIT-RoPAU aITALIANO  aVanzina Stefano (=Steno)gCodice regista SPICS: 14505 aDIO LI FA POI LI ACCOPPIA  aDIO LI FA POI LI ACCOPPIA cProdotto da: Angeletti Pio De Mic -- Sceneggiatura: Vanzina Enrico Zapponi Bernardino -- Diretto da: Vanzina Stefano (=Steno)pDIO LI FA POI LI ACCOPPIA (Rif. Codice opera principale : K0470) aEdizione Standard a(ITALIA)bN.d. / Distribuzione: MONDADORI g"1982 (1° ed.: 2010 ; Ed. Lingua Orig.: 1982)" aDVDbsonoro, col.c95 minuti a"Fotografia: D'Eva Sandro ; Montaggio: Crociani Raimondo ; Musica: Ferrio Gianni; Sceneggiatura: Vanzina Enrico Zapponi Bernardino ; Soggetto: Vanzina Enrico -- Zapponi Bernardino" a"Dorelli Johnny; Banfi Lino; Suma Marina; Calandra Giuliana; Caracciolo Francesco; " a"DON CELESTE, PRETE DI UN PAESE DELL'ITALIA CENTRALE, VIENE VIOLENTATO DA UNA RAGAZZA TRAVESTITA DA DIAVOLO IN OCCASIONE DEL CARNEVALE. LA RAGAZZA RIMANE INCINTA E PER EVITARE L'ABORTO, DON CELESTE DIVENTERA' UN PARROCO-PAPA', MENTRE LEI INCONTRERA' UN BRAVO RAGAZZO. UNA GRANDE INDAGINE CINEMATOGRAFICA SUI TESTI SACRI CHE SONO ALLA BASE DELLA FEDE CRISTIANA. UNA PRODUZIONE IN 5 PUNTATE DI 40 MINUTI CIASCUNA. IL VANGELO QUADRIFORME E' UNA INTRODUZIONE STORICO-TEOLOGICA ALL'INTERO COMPLESSO DEI VANGELI CANONICI E APOCRIFI E INDAGA L'ORIGINE DEL RACCONTO DEI FATTI ATTORNO ALLA FIGURA DI GESU' IN UN PRIMO MOMENTO TRASMESSI ORALMENTE, POI DIVENTATI PAROLA SCRITTA. GLI ALTRI 4 DOCUMENTARI SONO DEDICATI OGNUNO ALL'APPROFONDIMENTO DI UN VANGELO CANONICO. DISCO 1: VANGELO QUADRIFORME; VANGELO DI MARCO; VANGELO DI MATTEO. DISCO 2: VANGELO DI LUCA; VANGELO DI GIOVANNI; EXTRA, GALLERIA FOTOGRAFICA. " aPAL, STEREO aITALIANO  aCOMMEDIA eDVD-FILM [DVD]xCodice MATERIA SPICS: 9947 aFerrio Giannie(musica)gCodice Musica SPICS: 38648 aVanzina Enrico e(soggetto)gCodice Soggetto SPICS: 60186 aVanzina Stefano (=Steno) e(regista)gCodice regista SPICS: 14505 aZapponi Bernardino e(soggetto)gCodice Soggetto 2° SPICS: 3374